000 00436nam a2200169Ia 4500
005 20240513055249.0
008 240331s9999 xx 000 0 und d
020 _a8185163618
082 _bSAH
_a331.6
100 _aSahadevan, P
245 0 _aIndia and overseas Indians :
_bthe case of Sri Lanka
260 _aNew Delhi
_bKalinga Publications
_c1995
300 _avii, 319 p .,
650 _aSocial
650 _aEconomic
942 _cL
999 _c2689
_d2689